000 00751nam a2200289Ia 4500
003 OSt
005 20230916101026.0
008 210327s9999||||xx |||||||||||||| ||und||
020 _a9788126521999
040 _cSTCPL
041 _aENG
082 _a534
_bLAW-F
100 _aKinsler, Lawrence E. ... [et al.]
245 0 _aFundamentals of acoustics /
_cby Lawrence E. Kinsler ... [et al.]
250 _a4th ed.
260 _aNew York :
_bJohn Wiley & Sons,
_c2009.
300 _a548 p.
_bHB
650 _aSound And Related Vibrations
650 _aSound
650 _aSound-waves
650 _aArchitectural acoustics
650 _aSound--Equipment and supplies
942 _cBK
942 _2ddc
942 _2ddc
942 _2ddc
999 _c79946
_d79946